The Forbidden Prophecies (Record no. 614463)
[ view plain ]
| 000 -LEADER | |
|---|---|
| fixed length control field | 00304nam a22001337a 4500 |
| 020 ## - INTERNATIONAL STANDARD BOOK NUMBER | |
| International Standard Book Number | 978-1-910952-04-7 |
| 040 ## - CATALOGING SOURCE | |
| Transcribing agency | OneReason |
| 082 ## - DEWEY DECIMAL CLASSIFICATION NUMBER | |
| Classification number | 297 T3741 Z |
| 100 ## - MAIN ENTRY--PERSONAL NAME | |
| Personal name | ABU Zakariya |
| 9 (RLIN) | 130122 |
| 245 ## - TITLE STATEMENT | |
| Title | The Forbidden Prophecies |
| 260 ## - PUBLICATION, DISTRIBUTION, ETC. | |
| Place of publication, distribution, etc. | London |
| Name of publisher, distributor, etc. | iERA |
| Date of publication, distribution, etc. | 2019 |
| 300 ## - PHYSICAL DESCRIPTION | |
| Extent | 170p. |
| 942 ## - ADDED ENTRY ELEMENTS (KOHA) | |
| Source of classification or shelving scheme | |
| Koha item type | Book |
| Withdrawn status | Lost status | Source of classification or shelving scheme | Damaged status | Not for loan | Permanent Location | Current Location | Date acquired | Total Checkouts | Full call number | Barcode | Date last seen | Price effective from | Koha item type |
|---|---|---|---|---|---|---|---|---|---|---|---|---|---|
| School of Chemical & Materials Engineering (SCME) | School of Chemical & Materials Engineering (SCME) | 07/24/2025 | 297 T3741 Z | SCME-D286 | 07/24/2025 | 07/24/2025 | Book |
